Países donde el aborto es legal - Estadísticas

Estadísticas generales
  • Esta prueba ha sido intentada 121 veces
    55 desde el último reinicio
  • La puntuación promedio es 52 de 70
Estadísticas de respuestas
Año de legalización Países % Correcto
2021 Argentina
98%
2010 España
98%
1955 Rusia
98%
1988 Canadá
96%
1975 Francia
96%
2023 México
96%
1979 China
89%
2023 Finlandia
89%
1979 Noruega
89%
2007 Portugal
89%
1974 Suecia
89%
2021 Australia
87%
2018 Irlanda
87%
2019 Islandia
87%
1978 Italia
87%
2002 Suiza
87%
1975 Austria
85%
1990 Bélgica
85%
2022 Colombia
85%
2021 Corea del Sur
85%
1973 Dinamarca
85%
1977 Eslovenia
85%
1955 Lituania
85%
2020 Nueva zelanda
85%
1984 Países Bajos
85%
1955 Estonia
83%
1955 Letonia
83%
1955 Ucrania
83%
1992 Alemania
80%
1977 Croacia
80%
1986 Eslovaquia
80%
1990 Rumania
80%
1955 Bielorrusia
78%
1977 Serbia
78%
1997 Sudáfrica
78%
1983 Turquía
78%
2012 Uruguay
78%
1995 Albania
76%
1977 Bosnia y Herzegovina
76%
1965 Cuba
76%
1986 Grecia
76%
1953 Hungría
76%
1990 Bulgaria
74%
1955 Moldavia
74%
1986 Republica Checa
74%
2021 San Marino
74%
2021 Tailandia
74%
1978 Luxemburgo
72%
1955 Georgia
70%
1955 Armenia
67%
1977 Montenegro
67%
1975 Vietnam
67%
1977 Macedonia del norte
65%
1955 Azerbaiyán
63%
1950 Corea del Norte
63%
2018 Chipre
59%
1989 Mongolia
59%
1955 Kazajistán
54%
1955 Turkmenistán
54%
1997 Camboya
52%
1955 Kirguistán
52%
1974 Singapur
52%
1955 Tayikistán
52%
1955 Uzbekistán
52%
1995 Guyana
48%
1973 Túnez
41%
2015 Mozambique
39%
2002 Nepal
39%
1986 Cabo Verde
33%
2012 Santo Tomé y Príncipe
24%
No se encontraron pruebas coincidentes
Distribución de puntuación
Porcentaje de gente con cada puntuación
Porcentaje por número respondido
Historial de tus puntuaciones
No has intentado esta prueba desde el último reinicio